000 00583nam a2200193 u 4500
005 20220911205843.0
008 080201s2007 mx r 000 0 spa d
020 _a9788441323534
035 _aUPN01000154019
049 _aC
050 4 _aDF234
_bA4.3
245 0 0 _aAlejandro Magno y el esplendor de la época helenística /
_ccoord. Elisabetta Bovo.
260 _aBarcelona, Esp. :
_bFolio,
_c2007.
300 _a118 p. :
_bil. col.
600 0 0 _aAlejandro
_bIII,
_cEl Magno,
_d356-323 a.C.
_94128
650 4 _aHELENISMO
700 1 _aBovo, Elisabetta,
_ecoord.
905 _aLibro
999 _c126136
_d126136